CMAT (common management admission test) : (Record no. 143589)

MARC details
000 -LEADER
fixed length control field 00510nam a22001697a 4500
005 - DATE AND TIME OF LATEST TRANSACTION
control field 20170821114635.0
010 ## - LCCN (DPL NO)
LC control number ENG-119731
020 ## - INTERNATIONAL STANDARD BOOK NUMBER
International Standard Book Number 9788126439386
Terms of availability 195.00
035 ## - SYSTEM CONTROL NUMBER
System control number EN-103263
037 ## - SOURCE OF ACQUISITION
Source of stock number/acquisition DBAD/PUB
082 ## - DEWEY DECIMAL CLASSIFICATION NUMBER
Classification number 000
245 ## - TITLE STATEMENT
Title CMAT (common management admission test) :
Remainder of title a gateway to dream MBA /
260 ## - PUBLICATION, DISTRIBUTION, ETC. (IMPRINT)
Place of publication, distribution, etc Kottayam (Kerala)
Name of publisher, distributor, etc An iRank Publication
Date of publication, distribution, etc 2012
270 ## - ADDRESS
Address D C Books
City Kottayam (Kerala)
Postal code 686001
300 ## - PHYSICAL DESCRIPTION
Extent 272p.
Dimensions 25cm(pbk)
942 ## - ADDED ENTRY ELEMENTS (KOHA)
Source of classification or shelving scheme Dewey Decimal Classification
Item type English Books
Classification part 000
Call number suffix CMA
Holdings
Withdrawn status Lost status Not for loan Collection code Home library Current library Date acquired Source of acquisition Cost, normal purchase price Full call number Barcode Copy number Cost, replacement price Koha item type
    Not For Loan Non-fiction D.B.Act.Division D.B.Act.Division 21/08/2017 DBAD/PUB 195.00 000 CMA EN-103263 1 195.00 English Books

© Delhi Public Library
Hit Counter
free hit counter